Gaming Quiz

Random Gaming or Nintendo Quiz

Pokémon by Lego II Quiz Stats

 Plays Quiz not verified by Sporcle

Score 0/20 Timer 05:00
5 Plays Today
Hint Answer % Correct
Charmander
96.3%
Bulbasaur
95.9%
Jigglypuff
94.6%
Mew
93.4%
Beedrill
93.2%
Zubat
92.2%
Caterpie
91.6%
Geodude
91.5%
Butterfree
91.5%
Oddish
91%
Hint Answer % Correct
Dragonite
90.6%
Haunter
89.4%
Gastly
89%
Machop
88.5%
Kakuna
88.1%
Gloom
87.6%
Nidoran (Male)
87.3%
Clefairy
86.7%
Spearow
85.7%
Metapod
85.4%

You're not logged in!

Compare scores with friends on all Sporcle quizzes.
OR
Log In

You Might Also Like...

Show Comments

Extras

Top Quizzes Today


Score Distribution

Your Account Isn't Verified!

In order to create a playlist on Sporcle, you need to verify the email address you used during registration. Go to your Sporcle Settings to finish the process.

Report this User

Report this user for behavior that violates our Community Guidelines.

Details: